Disability and Rehabilitation (Record no. 249338)

MARC details
000 -LEADER
fixed length control field 00510nam a22001817a 4500
003 - CONTROL NUMBER IDENTIFIER
control field OSt
008 - FIXED-LENGTH DATA ELEMENTS--GENERAL INFORMATION
fixed length control field 250527b |||||||| |||| 00| 0 eng d
020 ## - INTERNATIONAL STANDARD BOOK NUMBER
International Standard Book Number 9789354659645
082 ## - DEWEY DECIMAL CLASSIFICATION NUMBER
Classification number 362.4 R3
100 ## - MAIN ENTRY--PERSONAL NAME
Personal name Ganvir, Shyam Devidas
245 ## - TITLE STATEMENT
Title Disability and Rehabilitation
Statement of responsibility, etc Shyam D Ganvir
250 ## - EDITION STATEMENT
Edition statement 1st
260 ## - PUBLICATION, DISTRIBUTION, ETC. (IMPRINT)
Place of publication, distribution, etc New Delhi
Name of publisher, distributor, etc Jaypee Brothers Medical Publishers
Date of publication, distribution, etc 2023
650 ## - SUBJECT ADDED ENTRY--TOPICAL TERM
Form subdivision Occupational Therapy
General subdivision Disability and Rehabilitation
942 ## - ADDED ENTRY ELEMENTS (KOHA)
Item type Books
Source of classification or shelving scheme Dewey Decimal Classification
Holdings
Withdrawn status Lost status Damaged status Permanent location Current location Shelving location Date acquired Source of acquisition Cost, normal purchase price Full call number Barcode Date last seen Koha item type
      CENTRAL LIBRARY, NOORUL ISLAM CENTRE FOR HIGHER EDUCATION CENTRAL LIBRARY, NOORUL ISLAM CENTRE FOR HIGHER EDUCATION General stacks 05/16/2025 Masters Books Distributors, Kollam 795.00 362.4 R3 84431 05/27/2025 Books
      CENTRAL LIBRARY, NOORUL ISLAM CENTRE FOR HIGHER EDUCATION CENTRAL LIBRARY, NOORUL ISLAM CENTRE FOR HIGHER EDUCATION General stacks 05/16/2025 Masters Books Distributors, Kollam 795.00 362.4 R3 84432 05/27/2025 Books
      CENTRAL LIBRARY, NOORUL ISLAM CENTRE FOR HIGHER EDUCATION CENTRAL LIBRARY, NOORUL ISLAM CENTRE FOR HIGHER EDUCATION General stacks 05/16/2025 Masters Books Distributors, Kollam 795.00 362.4 R3 84433 05/27/2025 Books
      CENTRAL LIBRARY, NOORUL ISLAM CENTRE FOR HIGHER EDUCATION CENTRAL LIBRARY, NOORUL ISLAM CENTRE FOR HIGHER EDUCATION General stacks 05/16/2025 Masters Books Distributors, Kollam 795.00 362.4 R3 84434 05/27/2025 Books
Visitors:
Copyright © 2024 Central Library NICHE.  All rights reserved.